ECONOMIC ENVIRONMENT IN INDIA (Record no. 219783)

MARC details
000 -LEADER
fixed length control field 00304nam a2200121Ia 4500
008 - FIXED-LENGTH DATA ELEMENTS--GENERAL INFORMATION
fixed length control field 250111s9999 xx 000 0 und d
020 ## - INTERNATIONAL STANDARD BOOK NUMBER
International Standard Book Number 9789380722023
100 ## - MAIN ENTRY--PERSONAL NAME
Personal name VASHISTHA, V.K.
245 #0 - TITLE STATEMENT
Title ECONOMIC ENVIRONMENT IN INDIA
260 ## - PUBLICATION, DISTRIBUTION, ETC.
Name of publisher, distributor, etc. AJMER BOOK, JAIPUR
Date of publication, distribution, etc. 2013
650 ## - SUBJECT ADDED ENTRY--TOPICAL TERM
Topical term or geographic name entry element Economics
942 ## - ADDED ENTRY ELEMENTS (KOHA)
Koha item type Book
Holdings
Withdrawn status Lost status Damaged status Not for loan Home library Current library Shelving location Date acquired Cost, normal purchase price Barcode Date last seen Price effective from Koha item type
        Mewar University Central Library Mewar University Central Library Donated 11/01/2025 290.00 DN9140 11/01/2025 11/01/2025 Book